000 04210cam a22004934i 4500
003 PE-LiUPU
005 20250731184537.0
008 180313s2007 ne a rb 001 0 gw d
020 _a9789004155794
035 _a(Sirsi) a241544
040 _aPE-LiUPU
_bspa
_cPE-LiUPU
_erda
049 _aPRUA
082 0 4 _a948.9
_bD5
_23
100 1 _aJanus, Moller,
_eautor.
245 1 0 _aDenmark and the Crusades, 1400-1650 /
_cby Janus Moller Jensen.
264 1 _aLeiden :
_bBrill,
_c2007.
300 _aix, 399 páginas :
_bilustraciones ;
_c25 centímetros
336 _atext
_2rdacontent
337 _aunmediated
_2rdamedia
338 _avolume
_2rdacarrier
490 0 _aThe Northern world 1569-1462 ;
_v30
504 _aBibliografía : páginas 353-388.
504 _aÍndice : páginas 389-399.
505 0 _aList of illustrations -- List of maps -- Preface -- Introducction -- Crusade historiography in Denmark -- The Golden age -- New trends -- International crusade historiography -- Denmark in the late middle ages and the early modern period -- Crusades at the ends of the earth, 1400-1523 -- Denmark and the crusade in the fourteenth century -- Valdemar IV and the crusade -- Crusades in Scandinavia 1400-1448 -- Papal collectors -- The crusade and the Teutonic Knights -- Crusades against the Hussites -- Denmark and the Hussite crusades -- Christopher of Bavaria and the Crusade -- Christian I and Crusades against the Turk 1448-1481 -- The norwegian problem -- Crusades against the turks and peace in the North -- The fall of Constantinople -- The Northern Frontier -- The collection of funds by Marinus de Fregeno -- The Crusade of Pius II -- From Ancona to the fall of Negroponte 1464-1470 -- Preaching the Crusades -- Spreading the world -- Crusade liturgy -- Letters of indulgence -- Crusading Nuns -- Crusade literature -- Crusades against the Russians -- King Hans and the Crusade against the Turk -- Christian II and the Crusade: Part I -- Chapter two: Greenland and the Crusades -- The forgotten Periphery -- The Skarelings -- The heathens of the Far North -- Crusade in the Atlantic -- The Southern front -- The Northern front -- Danish crusades to India -- Danish crusades in India -- Conclusions: The forgotten crusades -- Crusades and reformation -- Christian II and the Crusade: Part II -- Exile, protestantism, and the Crusade -- The last Danish Crusade? -- Martin Luther and the War against the Turk -- Luther and the Turkish advance -- Secular war and Martyrdom -- Ob Kriesgleute auch in seligem Stande sein Lönnen? -- The war against the Turks -- The right intention -- Apocalyptic thoughts concerning the Turk -- Liturgical war against the Turks -- Conclusions -- Chapter four: Protestant crusades? -- Christian III and war against the Turks -- Paulus Helie and the Lutheran Turks -- Denmark, protestantism, and the Crusade -- Spiritual Warfare against the Turks -- Peder Palladius and the Turks -- Protestantism and religious War, 1559-1648 -- Liturgical Warfare -- The war against the Turks -- The Turks in the North Atlantic -- Pilgrims to the holy sepulchre -- Crusade in literature and print -- Prince Svend -- The order of the Armed Arm -- The knights of Saint John in Scandinavia -- Orders of Chivalry in Denmark -- The order of the Elephant -- The legend and the order of Dannebrog -- Denmark in the thirty years´s war -- The lion of the North -- Explanations for defeat -- Conclusion -- Appendix A -- Illustrations -- Bibliography -- Manuscript sources -- Abbreviations -- Literature and sources -- Index.
526 _aP136
526 _aP135
526 _aP134
526 _aP133
526 _aP144
526 _aP143
526 _aP87
526 _aP35
526 _aP20
526 _aP14
526 _aP10
526 _aP06
650 0 4 _aGevolgen
_xConsecuencias.
910 _adbm
_bwmm
_cwmm
_d20180313
942 _2ddc
_cBOOK
994 _aC0
_bPEPRU
596 _a1
999 _a948.9 D5
_wDEWEY
_c27161
_i78372
_d27161
_f2021-11-11
_g4
_lCCODEBUL1
_mBUL
_p30.00
_q1
_r0
_sY
_tBOOK
_u2018-3-13
_xTEOLOGIA
_PP35
_0COMPRA
_o.STAFF. Colección Teología
980 _81
_gALBERTO SANCHEZ Responsable de Automatización